| 000 | 00634nam a2200193 a 4500 | ||
|---|---|---|---|
| 001 | 000012424 | ||
| 005 | 20240412074232.0 | ||
| 008 | 091112s2002 dr a 001 e spa d | ||
| 040 |
_aDO-SdBNP _bspa _cBNPHU |
||
| 082 |
_aRD864.44 _bV635h |
||
| 100 | 1 |
_aVicioso, Sherezada, _d1948- _919504 |
|
| 245 | 1 | 0 |
_aHostos y su concepción de la mujer / _cChiqui Vicioso. |
| 260 |
_aSanto Domingo : _bSecretaría de Estado de Educación, _c2002. |
||
| 300 |
_a47 p. : _bil. ; _c14 cm. |
||
| 504 | _aIncluye referencias bibliográfica (p. 43-47). | ||
| 650 | 4 |
_aEnsayos dominicano _925146 |
|
| 650 | 0 |
_aLiteratura dominicana. _967 |
|
| 049 | _aBNPD | ||
| 999 |
_c12081 _d12081 |
||